000 00880nam0a2200265 i 4500
001 RU\NLR\bibl\1951725
005 20260407070812.0
010 _a9785386049232
_910000
021 _aRU
_b2012-69114
_95069
035 _a(NLR Aleph) 001940858
090 _a3563458
_c3563458
100 _a20121004d2012 u y0rusy50 ca
101 1 _arus
_ceng
102 _aRU
105 _ay |||||||||
200 1 _aИмперия ангелов
_e[роман]
_fБернар Вербер
_g[пер. с фр. Ксении Левиной]
210 _aМосква
_cРипол классик
_d2012
215 _a443, [3] с.
_d17
686 _aШ6(4Фр)67-440.4{Лх1649-50}
700 1 _4070
_7ca
_8rus
_aВербер
_bБ.
_f1961-
_gБернар
_3RU\NLR\AUTH\770178439
_9178388
801 0 _aRU
_bNLR
_c20121004
_gRCR
801 1 _aRU
_bNLR
_c20121004
942 _cBOOK
980 _aNBR